| 000 | 00550cam a2200145 4500500 | ||
|---|---|---|---|
| 005 | 20260208022726.0 | ||
| 041 | _afre | ||
| 042 | _adc | ||
| 100 | 1 | 0 |
_aAlante-Lima, Willy _eauthor |
| 245 | 0 | 0 | _aThe ambivalence of Laughter Wondering through the landscape of Dan Agbese’s Nigeria Their Nigeria, Niyi Osundare |
| 260 | _c2009. | ||
| 500 | _a18 | ||
| 786 | 0 | _nPrésence Africaine | 179-180 | 1 | 2009-02-01 | p. 253a-260a | 0032-7638 | |
| 856 | 4 | 1 | _uhttps://shs.cairn.info/revue-presence-africaine-2009-1-page-253a?lang=en&redirect-ssocas=7080 |
| 999 |
_c1661334 _d1661334 |
||